000 00283nam a22001217a 4500
008 171115b xxu||||| |||| 00| 0 eng d
041 _aalb
080 _a7
100 _a5
101 _aFAR
245 _aHISTORIA E ILUSTRUAR E MJEKËSISË DHE FARMACISË
_cAGANI,A
942 _2udc
_cBK
999 _c38272
_d38272